[Event "Singapore Masters 2nd"]
[Site "Singapore"]
[Date "2005.12.30"]
[Round "9"]
[White "Paragua, Mark"]
[Black "Mikhalevski, Victor"]
[Result "1-0"]
[WhiteElo "2596"]
[BlackElo "2554"]
[Annotator "Mikhalevski,V"]
[PlyCount "127"]
[EventDate "2005.12.26"]
[EventType "swiss"]
[EventRounds "9"]
[EventCountry "SIN"]
[SourceTitle "CBM 111"]
[Source "ChessBase"]
[SourceDate "2006.04.04"]
[SourceVersion "1"]
[SourceVersionDate "2006.04.04"]
[SourceQuality "1"]

1. d4 Nf6 2. Nf3 d5 {I've decided to surprise my young and talented opponent
with the opening I played many years ago.} 3. c4 e6 4. Nc3 Be7 5. Bg5 O-O 6. e3
b6 {Usually Black plays this system with including the moves 6...h6 and 7.Bh4.}
7. Qc2 Nbd7 8. cxd5 exd5 9. Bd3 Bb7 10. O-O c5 11. Rad1 {Here it took some
time to calculate all possible complications which arise after 11...Ne4 and
eventually decided that it works.} Ne4 {Usually this is the way to solve
Black's problems in this setup, although this time it doesn't seem to be the
case.} ({In a relatively recent game Black tried} 11... h6 $5 {and after} 12.
Bf4 a6 13. dxc5 bxc5 14. Ne5 Nb6 15. Bg3 Nh5 16. Nc4 Nxg3 17. hxg3 Qc7 {
1/2-1/2 Rodshtein,M-Kantarji,P/Ramat Aviv ISR 2004/The Week in Chess 516 (46)
equalized. However I believe White's play can be improved.}) 12. Bf4 $1 {
I also considered this move to be the best since tactics after capture on e4
seems to work in Black's favour.} ({Certainly first of all I had to check} 12.
Bxe4 {with a temporary sacrifice of a piece.} dxe4 13. Nxe4 Bxe4 14. Qxe4 Bxg5
15. dxc5 $1 (15. Qf5 Bxe3 $1 16. fxe3 Qe7 $11 {looks ok for Black.}) 15... Nxc5
16. Qg4 ({In case of} 16. Qf5 Qf6 {White will have to capture on g5 by the
queen.}) 16... Qf6 17. Nxg5 (17. Qxg5 Qxb2 18. Rd2 Qc3 $14 {is just slightly
better for White.}) 17... Qxb2 18. Qf5 $1 {Forcing weakening of Black's pawn
structure on the kingside.} g6 19. Qh3 h5 20. g4 Qe5 ({During the game I
calculated} 20... Kg7 $6 {, but missed that after} 21. gxh5 Rh8 {White has} 22.
Qf3 $1 {attacking the f7-pawn. Here White is better. F.e.} Raf8 (22... Qf6 $2 {
loses to} 23. h6+ $1 {[%csl Ra8,Rf6]} Rxh6 24. Qxa8 Qxg5+ 25. Qg2 $18) 23. hxg6
Qe5 24. Qg2 fxg6 25. Rfe1 $16 {[%cal Gf2f4]}) 21. f4 Qh8 $11 {and Black seems
to equalize.}) 12... Nxc3 {A risky move. Black allows a dangerous sacrifice of
a bishop for three pawns.} (12... g5 $6 {is too optimistic.} 13. Bg3 f5 {
[%csl Re5,Rg8]} 14. Bxe4 (14. dxc5 $5) 14... fxe4 15. Ne5 cxd4 (15... Nf6 $5)
16. exd4 Rc8 17. Qa4 $1 {[%csl Ra7,Rd7]} Nxe5 18. dxe5 $16 {[%csl Rd5] 1-0
Ovod,E-Galojan,L/Varna BUL 2002/The Week in Chess 395 (45) and weaknesses in
Black's position start to tell.}) ({However} 12... Ndf6 {deserves further
tests.} 13. Ne5 (13. dxc5 $5 {is interesting.}) 13... cxd4 14. exd4 Rc8 15. f3
Nxc3 16. bxc3 Bb4 17. Bd2 Qd6 $2 {[%csl Rb4]} ({and now after} 17... Re8 18.
Rfe1 Qc7 19. Rc1 Bd6 $14 {Black is just slightly worse.}) 18. Bf5 Rc7 19. Nd3 {
[%csl Rb4,Rc7,Rd6][%cal Gd2f4,Gd3b4]} Ba5 20. Bf4 $16 {1-0 Shneider,
A-Mikhalevski,A/Paris 2000/EXT 2001 (21) and Black loses an exchange.}) (12...
Nef6 $5) 13. bxc3 {White made this move rather quickly deciding to avoid any
complications.} (13. Bxh7+ $5 Kh8 14. bxc3 g6 15. Bxg6 fxg6 16. Qxg6 $40 {
with a dangerous attack.}) 13... h6 {I saw no alternatives.} ({I rejected} 
13... Nf6 {in view of} 14. dxc5 $1 {and White exploits an unpleasant x-ray
along the d-file.} bxc5 15. c4 $1 {[%csl Rd8]} d4 {[%cal Gb7f3]} 16. Be2 {
[%csl Rd4,Rd8]} Be4 17. Qb3 {[%csl Rd4] and the d-pawn is in danger.}) ({
I also considered} 13... g6 14. dxc5 $1 bxc5 (14... Nxc5 {doesn't work in view
of} 15. Bh6 Re8 16. Bb5 $18 {[%csl Re8] This is in fact the reason I played 13.
..h6.}) 15. c4 d4 16. Be4 (16. exd4 Bxf3 17. gxf3 cxd4 $140 18. Be4 Rc8 19. Bb7
Rc5 20. Rxd4 $16 {[%csl Rd7,Rd8] and Black is in trouble.}) 16... Bxe4 17. Qxe4
Re8 18. Qd3 $6 {1/2-1/2 Bisguier,A-Johnstone,G/Dearborn 1992/EXT 97 (50)} (18.
Qc2 $1 $16 {[%csl Rd4,Rd7,Rd8]})) 14. c4 $5 {The queen starts to feel unsafe
on d8. However there is a way out.} cxd4 $1 15. Nxd4 Nc5 $2 {This turns out to
be a mistake.} ({Black had to pin the c-pawn by means of} 15... Rc8 $1 {
[%csl Rc2,Rc4]} 16. Qe2 $1 $14 {and White is just slightly better.}) 16. Be2 $2
{Returning a favour.} (16. Nf5 $1 {Somehow we both missed this strong move.}
dxc4 ({or} 16... Ne6 17. Be5 $1 Bf6 $140 18. Bd6 Re8 19. cxd5 $18 {[%csl Re8]
[%cal Gd3b5]}) 17. Bxc4 Qe8 18. Nd6 Bxd6 19. Bxd6 Qc6 20. Bd5) 16... Bg5 $1 {
Any exchange leads to a relief for Black.} 17. Nf5 $5 ({By means of} 17. Bf3 $1
{White could force a position which arose in the game.} Bxf4 18. exf4 Qf6 19.
cxd5 Qxf4 20. Nf5 $16 {See 17.Nf5!?}) 17... Bxf4 18. exf4 Ne6 $6 {I haven't
felt the danger.} ({It would be better to sacrifice a pawn, but to avoid
creating a strong passed pawn on the d-file.} 18... d4 $1 19. Nxd4 Be4 {
[%cal Gd8f6]} (19... Qf6 $6 20. Qf5 $1 $16) 20. Qc3 Qf6 $44 {and Black obtains
compensation for the sacrificed pawn thanks to a nice outpost on c5 and
doubled white pawns on the f-file.}) 19. cxd5 Nxf4 20. Bf3 $16 {I've
underestimated the strength of the d-pawn.} Qf6 21. Rfe1 $1 {[%cal Gf5e7,Gc2c7]
} (21. Qe4 {allows Black to transfer the knight to a better square.} Ne6 $1 {
[%cal Ge6g5,Ge6c5]}) 21... Rad8 {I've simply missed White's idea.} ({Otherwise
I would probably play} 21... Rae8 $1 {, which I also considered during the
game.} 22. Rxe8 Rxe8 23. Qa4 {[%csl Re8,Rf4]} Ne2+ ({The position after} 23...
Qe5 24. h4 $1 Ne2+ 25. Bxe2 Qxe2 26. Qd4 f6 27. Nd6 Re7 28. Nxb7 Rxb7 29. d6
Rd7 30. Qd5+ $16 {[%csl Gd6] is very difficult for Black.}) 24. Bxe2 Rxe2 25.
Qg4 Re5 26. Ne3 $14 {and although White is still better Black is alive.}) (
21... Ng6 {[%csl Ge7] covering the e7-square deserved attention.}) 22. Ne7+ Kh8
23. Qc7 {[%csl Ra7]} Ba6 {[%cal Gf4h3]} 24. Re3 $6 {White is trying to avoid
any possible complications and throws part of his advantage.} ({After the
correct} 24. Nc6 $1 Rde8 25. Rxe8 Rxe8 26. Qd7 $1 $16 {the d-pawn would
probably decided the fate of the game.}) 24... Bb5 $1 {[%cal Gd8d7] A good
counterchance.} 25. g3 $6 {This natural move is an inaccuracy, which allowed
me to equalize.} ({Probably White had to transfer to an endgame by means of} 
25. Qe5 $5 Qxe5 26. Rxe5 $14 {[%csl Gd5]}) 25... Nh3+ $2 {I'm missing my
chance.} ({I had to play} 25... Nd3 $1 26. a4 (26. Nc6 Rxd5 $1 {[%csl Rf2]}) (
26. Rdxd3 Rd7 $1 {[%csl Rc7,Rd3,Re7] Probably I missed this intermediate move.}
) 26... Rd7 $1 27. Qc2 Nb2 $1 {[%csl Rd1]} 28. Rde1 Nd3 $1 29. Rd1 $11 {
with repetition of moves.}) 26. Kg2 $16 {Now White is better thanks to the
misplaced black pieces and the strong d-pawn.} Rd7 (26... Ng5 27. Bg4 $16 {
[%csl Rd7]}) (26... Bd7 $5) 27. Qe5 Qxe5 28. Rxe5 Ng5 29. Bg4 Rd6 $2 $138 {
Being very short on time I missed the Nc8-idea.} ({After the only} 29... Rdd8
$8 30. h4 Nh7 31. d6 $16 {[%csl Gd6] White is clearly better.}) 30. h4 Nh7 31.
Nc8 Rdd8 32. Nxa7 Bc4 33. d6 Nf6 34. Bh3 $18 {The rest deserves no comments.
White just has to be careful.} Ba6 {[%csl Rg2][%cal Gd8a8]} 35. Kg1 $1 Bb7 36.
d7 Kg8 37. Rb5 Bf3 38. Rd4 Ra8 39. Rb3 Bd5 40. Rxd5 Nxd5 41. Nc6 Nf6 42. a3 g6
43. Rd3 Nxd7 44. Bxd7 Kg7 45. Rb3 Ra4 46. Ne5 Re4 47. Nf3 Rd8 48. Bb5 Rd6 49.
a4 Kf6 50. Rc3 g5 51. hxg5+ hxg5 52. Rc7 g4 53. Nh2 Kg6 54. Nf1 f5 55. Ne3 Kg5
56. Rf7 Kg6 57. Rf8 Re5 58. Kg2 Rd2 59. Nc4 Rxb5 60. axb5 Rd5 61. Rb8 Kg5 62.
Rxb6 f4 63. gxf4+ Kxf4 64. Rb8 1-0

[Event "Rohde op 08th"]
[Site "Sautron"]
[Date "2008.10.27"]
[Round "4"]
[White "Gagunashvili, Merab"]
[Black "Serafimov, Tervel"]
[Result "1-0"]
[WhiteElo "2576"]
[BlackElo "2371"]
[Annotator "Primel,D"]
[PlyCount "81"]
[EventDate "2008.10.25"]
[EventType "swiss"]
[EventRounds "9"]
[EventCountry "FRA"]
[SourceTitle "EXT 2009"]
[Source "ChessBase"]
[SourceDate "2008.11.26"]
[SourceVersion "1"]
[SourceVersionDate "2008.11.26"]
[SourceQuality "1"]

1. d4 d5 2. c4 e6 3. Nc3 Nf6 4. Bg5 Nbd7 (4... Be7 5. Nf3 O-O 6. e3 b6 7. Bxf6
$1 Bxf6 8. cxd5 exd5 {Song,J (2214)-David,A (2562) Syre mem op 31th 2008 (5.2)
1/2}) 5. e3 Be7 6. Nf3 O-O 7. Qc2 b6 8. cxd5 exd5 9. Bd3 Bb7 10. O-O (10. O-O-O
$5 {plus risqué} c5 {[%cal Ga8c8,Gc8c2]}) (10. h4 c5) 10... h6 11. Bf4 a6 (
11... c6) (11... Nh5) 12. Ne2 $5 {un plan assez rare pour recycler le N vers
la case "f5"} ({RR} 12. Rfd1 Ne8 13. Rac1 Bd6 14. Ne2 Qe7 15. Bxd6 Qxd6 16. Ng3
g6 17. h4 h5 18. Ng5 c5 19. Bf5 cxd4 20. Be6 d3 21. Qxd3 Ne5 22. Qb1 fxe6 23.
f4 Kg7 24. fxe5 Qxe5 25. Rf1 Rxf1+ 26. Rxf1 Nd6 {Keres,P-Smyslov,V/Leningrad
1939/HCL/1-0 (33)}) 12... c5 13. Ng3 {[%csl Gf5]} Re8 14. Rad1 Bf8 (14... Rc8
15. Qb1) 15. Nf5 {[%csl Gf5]} c4 16. Be2 Ne4 17. Ne5 Ndf6 $6 {[%csl Ge5]} 18.
b3 cxb3 (18... Rc8) (18... b5 $142 19. f3 Nd6) 19. Qxb3 Rc8 20. Bd3 Rc3 21. Qb2
Ba3 22. Qa1 Rc7 (22... Qc8 23. f3 Qxf5 24. fxe4 {[%cal Ga1c3]} Qc8 25. exd5
Nxd5 {[%cal Gd5e3,Gd5f4]} 26. Qb1 $14) 23. f3 Nd6 24. Qb1 Nxf5 25. Bxf5 b5 26.
h3 $5 {un coup utile pour garder la paire de B} Bc8 27. Bd3 Bd6 28. Rc1 Nh5 $6
(28... Rxc1 29. Rxc1 Bf8) 29. Bh7+ Kf8 30. Nxf7 $1 {En jouant Ndf6, les noirs
avaient laissé un fort N central e5} Rxf7 $4 (30... Bxf4) 31. Rxc8 $1 Bxf4 32.
Rxd8 Bxe3+ 33. Kh2 Rxd8 34. g3 Nf6 35. Qb4+ Re7 36. Bg6 Ne8 37. f4 Nd6 38. Re1
Nc4 39. Qc5 a5 40. Kg2 b4 41. Re2 1-0

[Event "Dos Hermanas"]
[Site "Dos Hermanas"]
[Date "1994.??.??"]
[Round "2"]
[White "Gulko, Boris F"]
[Black "Morovic Fernandez, Ivan"]
[Result "1/2-1/2"]
[WhiteElo "2615"]
[BlackElo "2605"]
[Annotator "RR"]
[PlyCount "55"]
[EventDate "1994.04.??"]
[EventType "tourn"]
[EventRounds "9"]
[EventCountry "ESP"]
[EventCategory "16"]
[SourceTitle "CBM 041"]
[Source "ChessBase"]
[SourceDate "1994.08.01"]
[SourceVersion "1"]
[SourceVersionDate "1994.08.01"]
[SourceQuality "1"]

1. c4 c6 2. d4 d5 3. Nf3 Nf6 4. Nc3 e6 5. Bg5 Be7 6. e3 O-O 7. Qc2 Ne4 8. Bxe7
Qxe7 9. Nxe4 dxe4 10. Qxe4 Qb4+ 11. Nd2 Qxb2 12. Rb1 Qc3 (12... Qxa2 $5 13. Bd3
f5 14. Qe5 Qa3 15. Ke2 Qe7) 13. Qd3 Qxd3 (13... Qa5 $6 14. Qc2 Nd7 15. Bd3 h6
$13) 14. Bxd3 Nd7 15. O-O Rd8 16. Rfd1 e5 17. Nf3 exd4 18. exd4 Nf8 19. Be4 Re8
20. Bd3 Rb8 21. h3 Ng6 22. Re1 Rxe1+ 23. Rxe1 Be6 24. a4 Rd8 25. a5 Nf4 26. Bf1
Bd7 27. Ne5 Be8 28. Nf3 1/2-1/2

[Event "EU-Cup 05th final"]
[Site "Moscow"]
[Date "1986.12.10"]
[Round "5.1"]
[White "Karpov, Anatoly"]
[Black "Beliavsky, Alexander G"]
[Result "1-0"]
[WhiteElo "2705"]
[BlackElo "2585"]
[Annotator "RR"]
[PlyCount "83"]
[EventDate "1986.12.10"]
[EventType "team-match"]
[EventRounds "2"]
[EventCountry "URS"]
[SourceTitle "EXT 2020"]
[Source "ChessBase"]
[SourceDate "2019.10.17"]
[SourceVersion "1"]
[SourceVersionDate "2019.10.17"]
[SourceQuality "1"]
[WhiteTeam "Moscow CSKA"]
[BlackTeam "Trud"]
[WhiteTeamCountry "RUS"]
[BlackTeamCountry "URS"]

1. d4 Nf6 2. Nf3 e6 3. c4 d5 4. Nc3 Be7 5. Bg5 h6 6. Bxf6 Bxf6 7. e3 O-O 8. Rc1
c6 9. Bd3 Nd7 10. O-O dxc4 11. Bxc4 e5 12. h3 {Le thème du Championnat du
Monde 1985} exd4 13. exd4 Nb6 (13... c5 $143 14. Ne4) 14. Bb3 a5 $5 $146 (14...
Bf5 {Kasparov,G (2740)-Karpov,A (2705) World Championship 33th-KK3 1986 (22)
1-0}) 15. a3 Bf5 16. Re1 Qd7 (16... Re8) 17. Ne5 Bxe5 18. Rxe5 $1 Rfe8 (18...
Bg6 $5) 19. Qe2 Rad8 (19... Be6) 20. Re1 Rxe5 21. Qxe5 a4 22. Qc5 $1 (22. Nxa4
Nxa4 23. Bxa4 Qxd4 24. Qxf5 Qxa4) 22... axb3 23. Re7 Qd6 $2 (23... Qc8 $5 24.
Qxb6 Rd7) 24. Re8+ $40 Rxe8 (24... Kh7 25. Qxf5+) 25. Qxd6 Nc4 26. Qb4 b5 27.
d5 $1 cxd5 28. Nxd5 Bc2 29. Qc3 Rd8 30. Nf4 Rd1+ 31. Kh2 Nd2 32. h4 Bf5 33. f3
g5 $13 34. hxg5 hxg5 35. Ne2 g4 (35... Nf1+ {Résistait plus longtemps mais en
fin de variante, les Blancs restent nettement mieux} 36. Kg1 Ng3+ 37. Kf2 Nh1+
$1 38. Ke3 Rd3+ {[%cal Gd3c3,Gd3e3]}) 36. Ng3 $18 Be6 37. f4 Nf1+ 38. Nxf1 Rxf1
39. Qe5 Bc4 40. Kg3 Rd1 41. f5 Rd5 42. Qe4 1-0

[Event "Tilburg"]
[Site "Tilburg"]
[Date "1994.??.??"]
[Round "3"]
[White "Salov, Valery"]
[Black "Portisch, Lajos"]
[Result "1-0"]
[WhiteElo "2710"]
[BlackElo "2610"]
[Annotator "Salov,V"]
[PlyCount "83"]
[EventDate "1994.09.??"]
[EventType "k.o."]
[EventRounds "7"]
[EventCountry "NED"]
[SourceTitle "CBM 044"]
[Source "ChessBase"]
[SourceDate "1995.02.01"]
[SourceVersion "1"]
[SourceVersionDate "1995.02.01"]
[SourceQuality "1"]

1. d4 {Ftacnik} d5 2. c4 c6 3. Nc3 Nf6 4. Nf3 e6 5. Bg5 h6 6. Bxf6 Qxf6 7. e3
Nd7 8. Bd3 Qd8 9. O-O Be7 10. Rc1 O-O 11. a3 a6 12. Qc2 (12. e4 dxc4 $1 13.
Bxc4 b5 14. Ba2 c5 $1 $10 {Kramnik-Illescas,Alcobendas(m/2)1993}) 12... b5 (
12... Rb8 {Ftacnik}) 13. c5 f5 (13... e5 $2 14. Nxe5 Nxe5 15. dxe5 Qc7 16. f4
Bxc5 17. Nxd5 $18 (17. Nxd5 {Ftacnik} cxd5 18. Qxc5 $18)) 14. Ne2 Bf6 15. Qc3
$1 (15. Nf4 Qe8 $132 (15... Qe8 {Ftacnik} 16. Qc3 e5 $132)) 15... a5 (15... Qe8
{Ftacnik} 16. Ne5 $1) 16. b4 a4 (16... Qc7 {Ftacnik} 17. Nf4 Re8 18. Ng6 $16)
17. Ne5 Qc7 18. f4 Bd8 19. g4 $1 $16 Nf6 20. h3 Bd7 21. Kh2 Ne4 22. Bxe4 fxe4 (
22... dxe4 {Ftacnik} 23. Rg1 $16) 23. Rg1 Be8 (23... Bh4 24. Ng6) 24. Qe1 $1 {
><h4} Qe7 25. g5 $1 h5 (25... hxg5 {Ftacnik} 26. Rxg5 $16) 26. g6 h4 $6 (26...
Qh4 27. Qxh4 Bxh4 28. Ng3 $18 (28. Ng3 {Ftacnik} Bxg3+ 29. Rxg3 $18)) (26...
Rf5 $5 27. Ng3 Rxe5 28. dxe5 (28. fxe5 {Ftacnik} Bxg6 29. Ne2 Be8 30. Nf4 $16)
28... Bxg6 29. Ne2 $16) 27. Rg5 $18 Rf6 (27... Rf5 28. Qxh4 Rxg5 29. Qh7+ Kf8
30. Qh8#) 28. Qf2 (28. Qxh4 {Ftacnik} Rxg6 $1 29. Nxg6 Bxg6 30. Qg3 $16) 28...
Qc7 29. Rcg1 Ra7 30. R1g4 Rf5 31. Qxh4 Bf6 (31... Bxg5 {Ftacnik} 32. Qh7+ Kf8
33. Rxg5 Rxg5 34. fxg5 Ra8 35. Nf4 $18) 32. Qh7+ Kf8 33. Rxf5 exf5 34. Rg5 Bd7
(34... Bxg5 {Ftacnik} 35. fxg5 Ke7 36. Qxg7+ Kd8 37. Qf6+ Kc8 38. Qf8 $18) 35.
Qh8+ Ke7 36. Ng3 Qb7 (36... Qc8 37. Qxc8 Bxc8 38. Nxc6+ $18) (36... Bxg5 {
Ftacnik} 37. Qxg7+ Kd8 38. Qf8+ Be8 39. g7 Qxg7 40. Nxc6+ Kc8 41. Qxe8+ Kc7 42.
Qb8+ Kxc6 43. Qb6+ Kd7 44. Qxa7+ $18) 37. Nxf5+ Bxf5 38. Rxf5 Ra8 39. Qh7 Ke6
40. Rxf6+ $1 Kxf6 41. Ng4+ Ke6 42. f5+ (42. f5+ Kxf5 43. Qh5+ Ke6 44. Qe5+ Kd7
45. Qxg7+ Kc8 46. Qf8+ Kc7 47. g7 (47. g7 {Ftacnik} Qc8 48. Qd6+ Kb7 49. Nh6
$18)) 1-0

[Event "Koop Tjuchem"]
[Site "Groningen"]
[Date "1996.??.??"]
[Round "6"]
[White "Sokolov, Ivan"]
[Black "Short, Nigel D"]
[Result "0-1"]
[WhiteElo "2670"]
[BlackElo "2695"]
[Annotator "Short,N"]
[PlyCount "64"]
[EventDate "1996.12.20"]
[EventType "tourn"]
[EventRounds "11"]
[EventCountry "NED"]
[EventCategory "16"]
[SourceTitle "CBM 057"]
[Source "ChessBase"]
[SourceDate "1997.04.01"]
[SourceVersion "1"]
[SourceVersionDate "1997.04.01"]
[SourceQuality "1"]

1. d4 {Donev} e6 2. c4 Nf6 3. Nf3 d5 4. Nc3 Be7 5. Bg5 h6 6. Bxf6 Bxf6 7. Rc1
O-O 8. e3 a6 9. Qc2 {I was having difficulty remembering the theory at this
point, which is perhaps not surprising when one considers how infrequently 9.
Qc2 is played.} c6 (9... Nc6 10. a3 Re8 11. Bd3 (11. Be2 dxc4 12. Bxc4 e5 13.
d5 Ne7 14. O-O Nf5 15. Bd3 Nd6 16. Nd2 Bd7 17. Nce4 Rc8 18. Qb3 Be7 19. Nxd6
Bxd6 20. Qxb7 {Dlugy,M-Campora,D/Amsterdam OHRA-B 1987/TD 87\05/1-0 (59)})
11... e5 12. cxd5 exd4 13. Ne4 Ne5 {1/2-1/2 Cherniak,L-Gusev,V/URS Army-ch
Odessa 1991/TD 91\03 (30)}) 10. Bd3 (10. e4 $5) 10... b5 (10... Nd7 11. O-O
dxc4 12. Bxc4 b5 13. Be2 c5 14. dxc5 Nxc5 15. Rfd1 Qa5 16. Nd4 Bb7 17. a3 Na4
18. b4 Qc7 19. Nxa4 {1-0 Piket,J-Szilagyi,P/EU-Cup Rotterdam 1987/EXT 87 (29)})
11. c5 {This caught me by surprise. Somehow I had been expecting 11.cd5. I
suddenly woke up from my deep coma and realised why I normally have my knight
on d7 in positions like this.} (11. b3 $5 {Donev}) 11... Nd7 {Donev
kommentiert deutsch Das Hauptproblem des Nachziehenden besteht darin, seine
weißfeldriger Läufer c8 zu entwickeln. Für dieses Idee gibt es zwei
Möglichkeiten: a) den Vorstoß e6-e5 durchzuführen, nachdem die Diagonale c8-h3
geöffnet wurde. b) mittels b5-b4 und a6-a5 den Läufer auf die befreite
Diagonale a6-f1 zu entwickeln.  Der englische Großmeister entscheidet sich für
die Variante (a), die meiner Meinung nach die bessere Fortsetzung ist.} 12. e4
(12. O-O {Donev} e5 13. dxe5 Nxe5 14. Nd4 Nxd3 15. Qxd3 Qc7 $11) 12... e5 (
12... dxe4 $6 {Donev} 13. Bxe4 Bb7 14. Rd1 $14) 13. exd5 (13. dxe5 Nxe5 14.
Nxe5 Bxe5 15. exd5 (15. O-O {Donev} dxe4 16. Bxe4 Qc7 17. g3 Bh3 18. Rfe1 Rfe8
$15) 15... Bxc3+ 16. Qxc3 Re8+ $15) 13... exd4 14. Ne2 (14. Ne4 $6 cxd5 (14...
Ne5 $132 {Donev}) 15. Nxf6+ Qxf6 16. O-O Nb8 $1 17. a4 (17. c6 $6 Bg4 18. c7
Nd7 $15) 17... bxa4 (17... Bg4 $5) 18. Qxa4 Nc6 19. Bb5 Ne7 20. Bd3 Nc6 $10)
14... Qa5+ $1 (14... cxd5 15. O-O Ne5 16. Nfxd4 $16) 15. Qd2 b4 $5 {Much more
ambitious than...} (15... Qxd2+ {Perhaps not as stupid as it looked.} 16. Kxd2
cxd5 17. Nf4 (17. Nfxd4 Ne5 $13) 17... Ne5 18. Nxd5 Nxf3+ 19. gxf3 Bh4 {
And although white's c-pawn is very powerful black is not devoid of chances.})
16. Nfxd4 $2 {After a long and unproductive think Ivan loses his way. This is
the critical moment of the game and after a few moves it becomes obvious that
white is going down without much of a fight.} (16. a3 $142 Nxc5 17. Bb1 $1 Rb8
(17... Nb3 18. Qd3 bxa3+ 19. Kf1 Rd8 20. Qxb3 axb2 21. Rxc6 $13) (17... d3 18.
axb4 Ne4 (18... Qa4 $5) 19. bxa5 Nxd2 20. Nxd2 $1 (20. Kxd2 dxe2 21. dxc6 Rb8
$1 $44) 20... dxe2 21. dxc6 Bxb2 (21... Rb8) 22. Rc2 Rb8 $44) 18. O-O $142 $1 (
18. axb4 Rxb4 19. Rc4 Qa1 (19... Rb5) 20. O-O Rxc4 $1 21. Bh7+ Kxh7 22. Rxa1 d3
$36) (18. Nfxd4 $2 Bxd4 19. Nxd4 Re8+ 20. Kf1 cxd5 $19 21. Nc6 $2 Qb5+) 18...
cxd5 19. Nfxd4 {With a substantial improvement on the game.}) 16... Nxc5 17.
Bb1 (17. Nxc6 Nxd3+ 18. Qxd3 Qxa2 19. Nxb4 (19. b3 a5) 19... Qxb2 $17) (17. Bc4
Bxd4 $1 (17... cxd5 {Donev} 18. Bxd5 (18. Nc6 Qb6 19. Bxd5 Bb7 $1 $19) 18...
Nd3+ 19. Qxd3 Qxd5 $17) 18. Qxd4 (18. Nxd4 Re8+) 18... cxd5 19. Bxd5 (19. Qxd5
Be6) 19... b3+ 20. Kf1 Ne6 $1 $17) 17... cxd5 18. O-O (18. Qc2 {[%cal Yc2h7,
Yc2c5] Donev} b3+ 19. Qc3 Qxc3+ 20. Rxc3 Ne6 $1 $19) (18. Nc6 {Donev} Qb5 19.
Qxb4 Qxc6 20. Rxc5 Qd6 $15) 18... Qb6 {White's initiative is only of a
fleeting nature. It requires just a few more moves to consolidate black's
material advantage. Schwarz hat das Läuferpaar und Materialvorteil.} 19. Rfd1
Bb7 20. Qc2 Ne4 21. f3 (21. Qc7 $142) 21... Rfc8 {Ein wichtiger Zwischenzug.}
22. Qd3 Rxc1 23. Rxc1 Nd6 {I spent a long time considering more direct methods
c.g.} (23... a5 24. fxe4 dxe4 25. Qe3 Bg5 26. Qf2 Bxc1 27. Nxc1 Rd8 28. Nce2
Ba6 29. Bc2 $1 {but it did not appear any easier than my own choice.}) 24. Kh1
(24. Qh7+ Kf8 25. Rd1 (25. Qd3 {Donev} Nb5 $19) 25... Nb5 $19) 24... g6 25. b3
Re8 26. h3 a5 27. Rd1 (27. Qd2 $142) 27... Ba6 28. Qd2 Bxe2 29. Nxe2 Qf2 30.
Bd3 Nf5 31. Nf4 {There was no longer any hope of defence.} (31. Bb5 {Donev}
Rxe2 $1 32. Bxe2 Ng3+ 33. Kh2 Nxe2 $19) 31... Qxd2 32. Rxd2 Bg5 (32... Bg5 33.
Re2 Ng3+) 0-1